| 000 | 01030cab a2200265 4500 | ||
|---|---|---|---|
| 001 | WB2936-17 | ||
| 008 | 090401t1993 xxu||||| |||| 00| 0 eng d | ||
| 035 | _a(Sirsi) u37868 | ||
| 041 | _aeng | ||
| 100 | _aBennett, Elizabeth | ||
| 245 | _aIn a state of repair | ||
| 260 | _c1993 | ||
| 350 | _a0 | ||
| 490 |
_aCSW - The Property Week _v44(14) 30 September 1993, 86(1) |
||
| 520 | _aIt was held that a landlord could reclaim the cost of replacing the roof from tenants through service charges; "New England Properties v Portsmouth New Shops" (1993). Also "Norwich Union Life Insurance Society v British Railways Board" (1987) where the tenants` repairing covenant stretched to an obligation to renew. | ||
| 650 | _aLEASES | ||
| 650 | _aOBLIGATION TO RENEW | ||
| 650 | _aREPAIRING COVENANT | ||
| 650 | _aREPAIRS | ||
| 650 | _aREPLACEMENT | ||
| 650 | _aBUILT ENVIRONMENT-BUILDING ELEMENTS-COMPLETE BUILDING ELEMENTS-ROOFS | ||
| 690 | _aLANDLORD AND TENANT-BUSINESS TENANCIES | ||
| 942 | _n0 | ||
| 948 | _c04/03/1997 | ||
| 999 |
_c24360 _d24360 |
||